Name all the teams Rickey Henderson played for. - Statistics

General Stats
  • This quiz has been taken 231 times
  • The average score is 7 of 9
Answer Stats
Hint Answer % Correct
1985-1989 New York Yankees
98%
1979-1984,1989-1995, 1998 Oakland Athletics
98%
2002 Boston Red Sox
90%
2003 Los Angeles Dodgers
89%
1999-2000 New York Mets
89%
1993 Toronto Blue Jays
86%
1996-1997, 2001 San Diego Padres
85%
2000 Seattle Mariners
83%
1997 Anaheim Angels
6%
No matching quizzes found
Score Distribution
Percent of People with Each Score
Percentile by Number Answered
Your Score History
You have not taken this quiz